Manual de fórmulas y tablas para el contador / (Registro nro. 9488)
[ vista simple ]
| 000 -LEADER | |
|---|---|
| fixed length control field | 01230cam a2200313 i 4500 |
| 001 - CONTROL NUMBER | |
| control field | 9488 |
| 003 - CONTROL NUMBER IDENTIFIER | |
| control field | Mx-PuUPA |
| 005 - DATE AND TIME OF LATEST TRANSACTION | |
| control field | 20240410103449.0 |
| 008 - FIXED-LENGTH DATA ELEMENTS--GENERAL INFORMATION | |
| fixed length control field | 140415s1976 mx d frf 001 0 spa d |
| 040 ## - CATALOGING SOURCE | |
| Original cataloging agency | Mx-PuUPA |
| Language of cataloging | spa |
| Transcribing agency | Mx-PuUPA |
| Modifying agency | Mx-PuUPA |
| Description conventions | rda |
| 041 1# - LANGUAGE CODE | |
| Language code of text/sound track or separate title | spa |
| Language code of original | eng |
| 100 1# - MAIN ENTRY--PERSONAL NAME | |
| Personal name | Lipkin, Lawrence, |
| Relator term | autor |
| 9 (RLIN) | 8732 |
| 240 10 - UNIFORM TITLE | |
| Uniform title | Accountant's handbook of formulas and tables. |
| Date of a work | 1973. |
| Language of a work | Español |
| 245 10 - TITLE STATEMENT | |
| Title | Manual de fórmulas y tablas para el contador / |
| Statement of responsibility, etc. | Lawrence Lipkin, Irwin K. Feinstein, Lucile Derrick ; traductor, Vicente F. Pardo |
| 250 ## - EDITION STATEMENT | |
| Edition statement | 1a edición |
| 264 #1 - PRODUCTION, PUBLICATION, DISTRIBUTION, MANUFACTURE, AND COPYRIGHT NOTICE | |
| Place of production, publication, distribution, manufacture | México D. F. . |
| Name of producer, publisher, distributor, manufacturer | Diana, |
| Date of production, publication, distribution, manufacture, or copyright notice | 1976 |
| 300 ## - PHYSICAL DESCRIPTION | |
| Extent | 528 páginas : |
| Other physical details | diagramas, tablas ; |
| Dimensions | 24 cm. |
| 336 ## - CONTENT TYPE | |
| Fuente | rdacontent |
| Content type term | texto |
| Content type code | txt |
| 337 ## - MEDIA TYPE | |
| Source | rdamedia |
| Media type term | sin medio |
| Media type code | n |
| 338 ## - CARRIER TYPE | |
| Source | rdacarrier |
| Carrier type term | volumen |
| Carrier type code | nc |
| 650 14 - SUBJECT ADDED ENTRY--TOPICAL TERM | |
| Topical term or geographic name entry element | Contabilidad |
| General subdivision | formulas |
| Form subdivision | manuales |
| 700 1# - ADDED ENTRY--PERSONAL NAME | |
| Personal name | Feinstein, Irwin K., |
| Relator term | autor |
| 700 1# - ADDED ENTRY--PERSONAL NAME | |
| Personal name | Derrick, Lucile, |
| Relator term | autor |
| 700 1# - ADDED ENTRY--PERSONAL NAME | |
| Personal name | Pardo, Vicente F., |
| Relator term | traductor |
| 765 18 - ORIGINAL LANGUAGE ENTRY | |
| Main entry heading | Lipkin, Lawrence, |
| Title | Accountant's handbook of formulas and tables. |
| Edition | 2nd edition |
| Place, publisher, and date of publication | Englewood Cliffs, N.J. : Prentice-Hall, 1973 |
| International Standard Book Number | 0130012556 |
| 942 ## - ADDED ENTRY ELEMENTS (KOHA) | |
| Source of classification or shelving scheme | Dewey Decimal Classification |
| Koha item type | Libro |
| Classification part | 657.0212 |
| Item part | L764 |
| Withdrawn status | Lost status | Source of classification or shelving scheme | Damaged status | Not for loan | Collection code | Home library | Current library | Shelving location | Date acquired | Source of acquisition | Total Checkouts | Full call number | Barcode | Date last seen | Price effective from | Koha item type |
|---|---|---|---|---|---|---|---|---|---|---|---|---|---|---|---|---|
| Dewey Decimal Classification | Referencia | Biblioteca Karol Wojtyla | Biblioteca Karol Wojtyla | Área de silencio | 03/12/2013 | Compra | 657.0212 L764 1976 | 2377 | 05/01/2026 | 03/12/2013 | Libro R |